00438nam a2200157 i 4500001000300000100001500003245010000018260004100118300001800159700002000177700001400197040000800211041000800219080001200227008004100239bg1 aGROMOL, D. 0aRimanova geometrija v celom /cD. Gromol, V. Klingenberg, V. Mejer ; Per. s nem. Ju. D. Burago. aMoskva :bIzdatel'stvo "Mir",c1971. as. 343 :bil.1 aKLINGENBERG, V.1 aMEJER, V. cBPK apol a514.764 s pl f |000 0 pol